000 00250nam a22001097a 4500
999 _c261079
_d261078
020 _a9780590257831
100 _aDebbie Dadey
245 _aUnicorns Don`t Give Sleigh Rides
260 _aNew York
_bScholastic
_c1997
300 _a65 pgs
942 _cBK